Statistics for Evanescence Songs

Click here to take the quiz!

General Stats

  • This quiz has been taken 300 times
  • The average score is 17 of 39

Answer Stats

Answer% Correct
Bring Me To Life
97%
My Immortal
83%
Going Under
81%
Call Me When Your Sober
75%
Lithium
71%
Hello
69%
Everybodys Fool
68%
Haunted
59%
Sweet Sacrifice
58%
Tourniquet
58%
Imaginary
57%
what you want
53%
Whisper
53%
My Last Breath
50%
Good Enough
47%
Taking Over Me
46%
Snow White Queen
45%
my heart is broken
42%
Like You
41%
Lacrymosa
39%
Your Star
39%
lost in paradise
36%
Weight Of The World
35%
Made of stone
34%
All That Im Living For
33%
Cloud Nine
33%
The Only One
30%
Lose Control
29%
oceans
29%
swimming home
27%
the change
27%
sick
25%
secret door
22%
erase this
21%
never go back
21%
new way to bleed
21%
end of the dream
20%
disappear
18%
say you will
15%

Score Distribution

Percentile by Number Answered

Percent of People with Each Score

Your Score History

You have not taken this quiz